000 00774 a2200193 4500
999 _c4993
_d4993
020 _a0521095107
050 0 0 _aP23 LYO 1995
100 1 _aLyons, John
_eauthor
245 1 0 _aIntroduction to theoretical linguistics /
_cJohn Lyons
264 _aNew York :
_bCambridge University Press,
_c1995
300 _a519 p.:
_bill.
500 _aIncludes bibliographical references and index
504 _aIncludes bibliographical references and index
650 0 _aLanguage and languages
856 4 2 _3Publisher description
_uhttp://www.loc.gov/catdir/description/cam032/68031743.html
856 4 1 _3Table of contents
_uhttp://www.loc.gov/catdir/toc/cam031/68031743.html
856 4 1 _3Sample text
_uhttp://www.loc.gov/catdir/samples/cam031/68031743.html
942 _2lcc
_cBK
_h23
_iLYO
_kP